<?xml version="1.0" encoding="UTF-8"?>
<record
    xmlns:xsi="http://www.w3.org/2001/XMLSchema-instance"
    xsi:schemaLocation="http://www.loc.gov/MARC21/slim http://www.loc.gov/standards/marcxml/schema/MARC21slim.xsd"
    xmlns="http://www.loc.gov/MARC21/slim">

  <leader>03917cam a22003257a 4500</leader>
  <controlfield tag="005">20160420091018.0</controlfield>
  <controlfield tag="008">140430t2007    ck abd gr|||| 00| 0 spa d</controlfield>
  <datafield tag="020" ind1=" " ind2=" ">
    <subfield code="a">9789588323169</subfield>
  </datafield>
  <datafield tag="040" ind1=" " ind2=" ">
    <subfield code="a">CO-BoIAVH</subfield>
    <subfield code="c">CO-BoIAVH</subfield>
  </datafield>
  <datafield tag="041" ind1=" " ind2=" ">
    <subfield code="a">spa</subfield>
  </datafield>
  <datafield tag="044" ind1=" " ind2=" ">
    <subfield code="a">ck</subfield>
  </datafield>
  <datafield tag="082" ind1=" " ind2=" ">
    <subfield code="a">577.7</subfield>
    <subfield code="b">I11e</subfield>
  </datafield>
  <datafield tag="090" ind1=" " ind2=" ">
    <subfield code="a">IAVH</subfield>
    <subfield code="b">01222</subfield>
  </datafield>
  <datafield tag="110" ind1="2" ind2=" ">
    <subfield code="a">Instituto Geogr&#xE1;fico Agust&#xED;n Codazzi</subfield>
    <subfield code="9">66130</subfield>
  </datafield>
  <datafield tag="245" ind1="1" ind2="0">
    <subfield code="a">Ecosistemas continentales, costeros y marinos de Colombia</subfield>
    <subfield code="c">Instituto Alexander von Humboldt , Instituto Geogr&#xE1;fico Agust&#xED;n Codazzi , Instituto de Hidrolog&#xED;a, Meteorolog&#xED;a y Estudios Ambientales , Instituto de Investigaciones Marinas y Costeras Jos&#xE9; Benito Vives de Andr&#xE9;is , Instituto Amaz&#xF3;nico de Investigaciones Cient&#xED;ficas Sinchi , Instituto de Investigaciones Ambientales del Pac&#xED;fico Jhon von Neumann</subfield>
  </datafield>
  <datafield tag="260" ind1="3" ind2=" ">
    <subfield code="a">Bogot&#xE1;</subfield>
    <subfield code="b">Imprenta Nacional de Colombia</subfield>
    <subfield code="c">2007</subfield>
  </datafield>
  <datafield tag="300" ind1=" " ind2=" ">
    <subfield code="a">275 p.</subfield>
    <subfield code="b">il., mapas, tablas</subfield>
    <subfield code="c">28 cm</subfield>
    <subfield code="e">+ 37 mapas plegables</subfield>
  </datafield>
  <datafield tag="500" ind1=" " ind2=" ">
    <subfield code="a">Incluye 36 mapas individuales (hojas) y 1 infograf&#xED;a de distribuci&#xF3;n de hojas.</subfield>
  </datafield>
  <datafield tag="504" ind1=" " ind2=" ">
    <subfield code="a">Incluye bibliograf&#xED;a (p&#xE1;ginas 247 - 266)</subfield>
  </datafield>
  <datafield tag="505" ind1=" " ind2=" ">
    <subfield code="a">Mapas: Hoja 0. Distribuci&#xF3;n de Hojas ; Hoja 1. Departamento Archipi&#xE9;lago de San Andr&#xE9;s, Providencia y Santa Catalina ; Hoja 2. Departamento Archipi&#xE9;lago de San Andr&#xE9;s, Providencia y Santa Catalina ; Hoja 3. Cuenca Colombia ; Hoja 4. Cordillera Beata ; Hoja 5. Paso Aruba ; Hoja 6. Departamento Archipi&#xE9;lago de San Andr&#xE9;s, Providencia y Santa Catalina ; Hoja 7. Abanico del Magdalena ; Hoja 8. Departamentos de Atl&#xE1;ntico, Bol&#xED;var, Cesar, Guajira y Magdalena ; Hoja 9. Departamento de La Guajira ; Hoja 10. Departamentos de Antioquia, Bol&#xED;var, C&#xF3;rdoba, Choc&#xF3; y Sucre ; Hoja 11. Departamentos de Atl&#xE1;ntico, Bolivar, Cesar, C&#xF3;rdoba, Guajira, Magdalena, Norte de Santander y Sucre ; Hoja 12. Departamentos de Antioquia, Choc&#xF3; y C&#xF3;rdoba ; Hoja 13. Departamentos de Antioquia, Bol&#xED;var, Boyac&#xE1;, Cesar, C&#xF3;rdoba, Norte de Santander, Santander y Sucre ; Hoja 14. Departamentos de Arauca, Boyac&#xE1;, Norte de Santander y Santander ; Hoja 15. Depresi&#xF3;n Omagua ; Hoja 16. Elevaci&#xF3;n Oce&#xE1;nica ; Hoja 17. Departamentos de Antioquia, Caldas, Choc&#xF3;, Quind&#xED;o, Risaralda, Tolima y Valle del Cauca ; Hoja 18. Departamentos de Antioquia, Boyac&#xE1;, Caldas, Casanare, Cundinamarca, Meta, Quind&#xED;o, Risaralda, Santander y Tolima ; Hoja 19. Departamentos de Arauca, Boyac&#xE1;, Casanare, Meta y Vichada ; Hoja 20. Departamentos de Arauca y Vichada ; Hoja 21. Elevaci&#xF3;n Oce&#xE1;nica ; Hoja 22. Elevaci&#xF3;n Oce&#xE1;nica ; Hoja 23. Departamento de Nari&#xF1;o ; Hoja 24. Departamentos de Caquet&#xE1;, Cauca, Choco, Huila, Nari&#xF1;o, Quind&#xED;o, Tolima y Valle del Cauca ; Hoja 25. Departamentos de Caquet&#xE1;, Cundinamarca, Guaviare, Huila y Tolima ; Hoja 26. Departamentos de Meta, Guain&#xED;a, Guaviare y Vichada ; Hoja 27. Departamentos de Guain&#xED;a y Vichada ; Hoja 28. Elevaci&#xF3;n Oce&#xE1;nica ; Hoja 29. Departamento de Nari&#xF1;o ; Hoja 30. Departamentos de Cauca, Caquet&#xE1;, Huila, Nari&#xF1;o y Putumayo ; Hoja 31. Departamentos de Caquet&#xE1;, Guaviare, Meta y Putumayo ; Hoja 32. Departamentos de Amazonas, Caquet&#xE1;, Guain&#xED;a, Guaviare y Vaup&#xE9;s ; Hoja 33. Departamentos de Guain&#xED;a y Vaup&#xE9;s ; Hoja 34. Departamentos de Amazonas, Caquet&#xE1; y Putumayo ; Hoja 35. Departamentos de Amazonas, Caquet&#xE1; y Vaup&#xE9;s ; Hoja 36. Departamento de Amazonas.</subfield>
  </datafield>
  <datafield tag="650" ind1=" " ind2="4">
    <subfield code="a">Ecosistemas marinos</subfield>
    <subfield code="v">Kit</subfield>
    <subfield code="z">Colombia</subfield>
    <subfield code="9">66131</subfield>
  </datafield>
  <datafield tag="650" ind1=" " ind2="4">
    <subfield code="a">Ecosistemas costeros</subfield>
    <subfield code="v">Kit</subfield>
    <subfield code="z">Colombia</subfield>
    <subfield code="9">66132</subfield>
  </datafield>
  <datafield tag="650" ind1=" " ind2="4">
    <subfield code="a">Cartograf&#xED;a</subfield>
    <subfield code="v">Kit</subfield>
    <subfield code="z">Colombia</subfield>
    <subfield code="9">66133</subfield>
  </datafield>
  <datafield tag="710" ind1="2" ind2=" ">
    <subfield code="a">Instituto Alexander von Humboldt</subfield>
    <subfield code="9">932</subfield>
  </datafield>
  <datafield tag="710" ind1="2" ind2=" ">
    <subfield code="a">Instituto de Investigaciones Marinas y Costeras Jos&#xE9; Benito Vives de Andr&#xE9;is</subfield>
    <subfield code="9">66134</subfield>
  </datafield>
  <datafield tag="710" ind1="2" ind2=" ">
    <subfield code="a">Instituto Amaz&#xF3;nico de Investigaciones Cient&#xED;ficas Sinchi</subfield>
    <subfield code="9">480</subfield>
  </datafield>
  <datafield tag="710" ind1="2" ind2=" ">
    <subfield code="a">Instituto de Investigaciones Ambientales del Pac&#xED;fico Jhon von Neumann</subfield>
    <subfield code="9">23921</subfield>
  </datafield>
  <datafield tag="710" ind1="2" ind2=" ">
    <subfield code="a">Instituto de Hidrolog&#xED;a, Meteorolog&#xED;a y Estudios Ambientales</subfield>
    <subfield code="9">66135</subfield>
  </datafield>
  <datafield tag="942" ind1=" " ind2=" ">
    <subfield code="c">LIBRO</subfield>
    <subfield code="2">ddc</subfield>
    <subfield code="0">4</subfield>
  </datafield>
  <datafield tag="999" ind1=" " ind2=" ">
    <subfield code="c">6565</subfield>
    <subfield code="d">6565</subfield>
  </datafield>
  <datafield tag="952" ind1=" " ind2=" ">
    <subfield code="0">0</subfield>
    <subfield code="1">0</subfield>
    <subfield code="2">ddc</subfield>
    <subfield code="4">0</subfield>
    <subfield code="7">0</subfield>
    <subfield code="8">GENERAL</subfield>
    <subfield code="I">INV2017</subfield>
    <subfield code="a">Bogota</subfield>
    <subfield code="b">Bogota</subfield>
    <subfield code="d">2016-04-20</subfield>
    <subfield code="e">Instituto</subfield>
    <subfield code="g">39000.00</subfield>
    <subfield code="l">4</subfield>
    <subfield code="o">LB-577.7 I11e</subfield>
    <subfield code="p">024250</subfield>
    <subfield code="r">2018-09-19 00:00:00</subfield>
    <subfield code="s">2018-09-19</subfield>
    <subfield code="t">Ej. 1</subfield>
    <subfield code="w">2016-04-20</subfield>
    <subfield code="x">Donaci&#xF3;n</subfield>
    <subfield code="y">LIBRO</subfield>
    <subfield code="z">Incluye 1 CD-ROM (CID-024251) y 37 mapas (CID-024252, CID-024270, CID-024269, CID-024268, CID-024267, CID-024266,	CID-024265, CID-024264, CID-024263, CID-024262, CID-024261, CID-024260, CID-024259, CID-024258, CID-024257, CID-024256, CID-024255, CID-024253, CID-024254, CID-026431, CID-026432, CID-026433, CID-026434, CID-026435, CID-026436, CID-024282, CID-024281, CID-024280, CID-024279, CID-024278, CID-024277, CID-024276, CID-024275, CID-024274, CID-024273, CID-024272, CID-024271).</subfield>
  </datafield>
  <datafield tag="952" ind1=" " ind2=" ">
    <subfield code="0">0</subfield>
    <subfield code="1">0</subfield>
    <subfield code="2">ddc</subfield>
    <subfield code="4">0</subfield>
    <subfield code="7">0</subfield>
    <subfield code="8">GENERAL</subfield>
    <subfield code="I">INV2017</subfield>
    <subfield code="a">Venado</subfield>
    <subfield code="b">Venado</subfield>
    <subfield code="d">2016-04-20</subfield>
    <subfield code="e">Instituto</subfield>
    <subfield code="g">39000.00</subfield>
    <subfield code="l">0</subfield>
    <subfield code="o">LB-577.7 I11e</subfield>
    <subfield code="p">027500</subfield>
    <subfield code="r">2016-04-20 00:00:00</subfield>
    <subfield code="t">Ej. 2</subfield>
    <subfield code="w">2016-04-20</subfield>
    <subfield code="x">Donaci&#xF3;n</subfield>
    <subfield code="y">LIBRO</subfield>
    <subfield code="z">ncluye 1 CD-ROM (CID-027499) y 37 mapas</subfield>
  </datafield>
</record>
